• 首页
  • 本馆介绍
  • 公告通知
  • 最新文献
  • 馆藏检索
  • 电子资源
  • 读者导购
  • 参考咨询
  • 我的图书馆
  • 登录
  • 详细信息显示
  • 放入我的书架
  • 预约/预借图书
  • 作者相关作品
  • 分类相关作品
  • 丛书相关作品
  • 出版社相关作品

书目信息

  • 表格格式
  • 工作单格式
  • 卡片格式
题名:
晋鉴
    
 
作者: 戚速 著
分册:  
出版信息: 北京   当代世界出版社  2016
页数: 12,262页
开本: 24cm
丛书名:
单 册:
中图分类: K237.09
科图分类:
主题词: 中国历史--zhong guo li shi--晋代--通俗读物
电子资源:
ISBN: 978-7-5090-1085-3
000 00851nam0 22002411 450
001 0117143951
005 20170617143951.0
010    @a978-7-5090-1085-3@dCNY39.00
100    @a20160407d2016 em y0chiy50 ea
101 0  @achi
102    @aCN@b110000
105    @ay z 000yy
106    @ar
200 1  @a晋鉴@Ajin jian@e司马王朝兴衰的个性解读@f戚速著
210    @a北京@c当代世界出版社@d2016
215    @a12,262页@d24cm
330    @a本书从独特的视角客观地全景式介绍了以两晋为代表的封建王朝体系由兴盛到衰亡的坎坷历史,从解读人性的角度去分析两晋重要人物和重要事件的命运及过程。
517 1  @a司马王朝兴衰的个性解读@Asi ma wang chao xing shuai de ge xing jie du
606 0  @a中国历史@Azhong guo li shi@z晋代@j通俗读物
690    @aK237.09@v5
701  0 @a戚速@Aqi su@4著
801  0 @aCN@bTANG WEI@c20170612
905    @b0972709-13@dK237.09@e90@f5
    
    晋鉴:司马王朝兴衰的个性解读/戚速著.-北京:当代世界出版社,2016
    12,262页;24cm
    
    
    ISBN 978-7-5090-1085-3:CNY39.00
    本书从独特的视角客观地全景式介绍了以两晋为代表的封建王朝体系由兴盛到衰亡的坎坷历史,从解读人性的角度去分析两晋重要人物和重要事件的命运及过程。
●
相关链接 在E读中查询图书 在五车中查询图书 在当当中查询图书 在豆瓣中查询图书


正题名:晋鉴     索取号:K237.09/90         预约/预借

序号 登录号 条形码 馆藏地/架位号 状态 备注
1 0972709   209727090   第二样本阅览室/ [索取号:K237.09/90] 在馆    
2 0972710   209727107   第二借阅区/ [索取号:K237.09/90] 在馆    
3 0972711   209727116   第二借阅区/ [索取号:K237.09/90] 在馆    
4 0972712   209727125   第二借阅区/ [索取号:K237.09/90] 在馆    
5 0972713   209727134   密集书库-史法系/ [索取号:K237.09/90] 在馆    
唐山师范学院图书馆 欢迎您!
大连网信软件有限公司© 版权所有